[Event "HCL-C218"]
[Site "www.playchess.de"]
[Date "2001.03.29"]
[Round "13"]
[White "Rim-Job"]
[Black "TAX"]
[WhiteElo "1000"]
[BlackElo "1000"]
[PlyCount "44"]
[Result "0-1"]

1.d3 {I may as well start off by saying that I 
hate Germans.}  e5 2.e3 {I'm going to beat you so 
bad, you'll spew sauerkraut all over your 
keyboard.}  Nf6 3.Qd2 {Bring it on, you 
Euro-trash, neo-Nazi punk!}  Be7 4.Qc3 {You "bag" 
my pardon?  What the Hell does that mean?  Man, 
you talk trash like a woman.}  Nc6 5.Nf3 {You want 
"peace"? I'm not here to be nice to you. If you 
can't handle it, I suggest you resign now.}  Bb4 
6.d4 {You're pissing me off.}  Bxc3+ 7.Nxc3 {For a 
moment there I thought you would be a challenge.}  
e4 8.d5 {Watching me play against you is like 
watching Bobby Fisher play against a chimpanzee!}  
exf3 {you're looking like a chimpanzee?}  9.gxf3 
{You're plowing through my front lines like Hitler 
through Poland.  Eurotrash Punk!}  Nb4 10.Kd1 {I 
would recommend you buy the book advertised below. 
It'll help you with some of the game's concepts}  
Nbxd5 11.Nb5 {You certainly don't play like a 
German. I expected you to be more barbaric and 
bloodthirsty.}  a6 12.Nd4 {My Jew friend and I 
just got of a WWII movie. I'm sure you'd hate it 
-- the Nazi loses at the end.}  O-O {what's your 
problem?}  13.Bc4 {The senseless slaughter of 
millions of innocents -- that's my problem, you 
warmonger.}  Ne7 {it allows of no excuse}  14.e4 
{"it allows of no excuse"?  What the Hell does 
that mean?}  d5 15.Bd3 {I often like to imagine 
the chess board is North Africa, and I'm Patton, 
which makes you Roemel.}  dxe4 {i think, chess is 
only a little mind-game not war or politics}  
16.fxe4 {Yeah, and the Holocaust was just a 
"fairytale." Right?}  Qxd4 {do ypu know who i am 
and what i'm thinking?}  17.Bf4 {I know all I care 
to know, scumbag.}  Nxe4 {this is a}  18.Bxc7 {A 
what, moron?}  Nxf2+ {a boring conversation}  
19.Ke2 {Ah, finally you're showing your true 
colors: black, red, and yellow all the way.}  Nd5 
{black, red and gold}  20.Be5 {Judging by the way 
you play, it's thoroughly yellow.}  Qe3+ {playing 
chess with you is like to fight a "blitzkrieg"}  
21.Kf1 {I guess I was right about you all along, 
eh?}  Bh3+ {one of the things you'll never know}  
22.Kg1 {All right, make it quick.}  Nxd3+ {better 
luck next time}  0-1

[Event "HCL-B219"]
[Site "www.playchess.de"]
[Date "2001.03.29"]
[Round "15"]
[White "MP"]
[Black "enigma_theory"]
[WhiteElo "1155"]
[BlackElo "1500"]
[PlyCount "21"]
[Result "1-0"]

1.d4 Nf6 2.Nf3 e6 3.c4 c5 4.e3 cxd4 5.exd4 Bb4+ 
6.Bd2 Bxd2+ 7.Qxd2 O-O 8.Be2 Nc6 9.Nc3 b6 10.O-O 
Bb7 11.Rfe1 1-0

[Event "HCL-C224"]
[Site "www.playchess.de"]
[Date "2001.03.29"]
[Round "3"]
[White "Brazil"]
[Black "yaroslav"]
[WhiteElo "1734"]
[BlackElo "1109"]
[PlyCount "43"]
[Result "1-0"]

1.Nf3 c5 2.e4 Nc6 3.d4 d6 4.Bb5 Bd7 5.O-O g6 6.d5 
Nd4 7.Bxd7+ Qxd7 8.Nxd4 cxd4 9.Qxd4 f6 10.Be3 Bh6 
11.Qd2 g5 12.f4 Qb5 13.b3 Bg7 14.c4 Qd7 15.fxg5 
fxg5 16.Bd4 e5 17.dxe6 Qe7 18.Bxg7 Qxg7 19.Nc3 
O-O-O 20.Rf7 Qe5 21.Qd5 Qxc3 22.Qxb7+ 1-0

[Event "ACL-A119"]
[Site "www.playchess.de"]
[Date "2001.03.29"]
[Round "22"]
[White "guerino"]
[Black "chucaniam"]
[WhiteElo "1325"]
[BlackElo "1858"]
[PlyCount "28"]
[Result "0-1"]

1.e4 e5 2.Nf3 Nc6 3.Bb5 a6 4.Ba4 Nf6 5.O-O Be7 
6.Re1 b5 7.Bb3 O-O 8.c3 d5 9.exd5 e4 10.dxc6 exf3 
11.Qxf3 Bg4 12.Qg3 Re8 13.d4 Bd6 14.Qh4 
Rxe1+ 0-1

[Event "HCL-C227"]
[Site "www.playchess.de"]
[Date "2001.03.29"]
[Round "6"]
[White "lsoule"]
[Black "craigsadler"]
[WhiteElo "983"]
[BlackElo "731"]
[PlyCount "65"]
[Result "1-0"]

1.e4 c6 {so we meet again :)}  2.d4 {Thanks for 
taking the time to annotate our last game.  I find 
it a good way to learn.}  d5 {since i lost, it 
probably helped me more than you :)}  3.Nc3 dxe4 
4.Nxe4 {When annotating, I'm always amazed at how 
many opportunities there were}  Bf5 {it's 
true...do you post many of your annotations here?} 
 5.Ng3 {I've only annotated 2 games so far.  And 
you?}  Bg6 {i annotate all my games, except ones 
where me or my opponent make a huge blunder}  6.h4 
{That rules out a lot of my games :(}  h6 {:)  
before this site shutdown, i went as csadler and 
annotated quite a bit...}  7.h5 Bh7 8.Nf3 Nd7 
9.Bd3 Bxd3 10.Qxd3 Ngf6 11.Bd2 e6 12.O-O-O Bd6 
13.Ne4 O-O 14.Nxd6 Qc7 15.Ne4 Nxe4 16.Qxe4 Nf6 
17.Qe5 Qxe5 18.Nxe5 Rad8 19.Bb4 Rfe8 20.g4 Nd5 
21.Bd2 {I'll be out soon until Tuesday - have a 
good St. Patty's weekend!}  f6 {you too!}  22.Nd3 
b6 23.f4 f5 24.g5 hxg5 25.fxg5 Kf7 26.Nb4 Rdc8 
27.Nxd5 cxd5 28.Bf4 Rc6 29.Be5 Rec8 30.g6+ Kg8 
31.h6 gxh6 32.Rxh6 R6xc2+ 33.Kb1 1-0

[Event "HCL-B227"]
[Site "www.playchess.de"]
[Date "2001.03.29"]
[Round "2"]
[White "MENO"]
[Black "Translightor"]
[WhiteElo "1500"]
[BlackElo "1505"]
[PlyCount "65"]
[Result "1-0"]

1.e4 c5 2.Nf3 e6 3.d4 cxd4 4.Nxd4 a6 5.Bd3 b5 
6.O-O Bb7 7.a4 bxa4 8.Nc3 Bc5 9.Rxa4 Nf6 10.Be3 
O-O 11.Nxe6 dxe6 12.Bxc5 Re8 13.e5 Nbd7 14.Bd6 Nd5 
15.Nxd5 Bxd5 16.Qh5 f5 17.Rfa1 a5 18.Bb5 Rc8 19.c3 
Ra8 20.Rh4 h6 21.Rha4 Kh7 22.Qf7 Qg5 23.g3 Nxe5 
24.Bxe5 Ref8 25.Qc7 Rfg8 26.c4 Bf3 27.R4a3 Bh5 
28.Bc6 Rac8 29.Qb7 Rca8 30.Qxa8 Rxa8 31.Bxa8 Be2 
32.R3xa5 Bxc4 33.R5a7 1-0

[Event "HCL-E041"]
[Site "www.playchess.de"]
[Date "2001.03.29"]
[Round "9"]
[White "DKCozy"]
[Black "SG42699"]
[WhiteElo "1718"]
[BlackElo "1950"]
[PlyCount "60"]
[Result "0-1"]

1.f4 d5 2.e3 Nf6 3.Nf3 g6 4.b3 Bg7 5.Bb2 O-O 6.Be2 
c5 7.O-O Nc6 8.Qe1 Qd6 9.Ne5 Ne4 10.d4 Bf5 11.Nd2 
Nb4 12.Bd1 Nf6 13.g4 Bxc2 14.Ba3 Bxd1 15.Qxd1 cxd4 
16.exd4 Qb6 17.Ndf3 Rfd8 18.Qd2 a5 19.Rac1 Ne4 
20.Qe2 Rac8 21.Qe3 Nc2 22.Rxc2 Rxc2 23.Bxe7 Rdc8 
24.Bc5 Qa6 25.f5 Re2 26.Qf4 Bxe5 27.Nxe5 g5 28.Qf3 
Nd2 29.Qh3 Re3 30.Qg2 Qxf1+ 0-1

[Event "ACL-E007"]
[Site "www.playchess.de"]
[Date "2001.03.29"]
[Round "13"]
[White "Goofy"]
[Black "Deppenhaufen"]
[WhiteElo "1744"]
[BlackElo "2137"]
[PlyCount "67"]
[Result "1-0"]

1.d4 e6 2.c4 Nf6 3.Nc3 Bb4 4.e3 O-O 5.Nf3 c5 6.Bd3 
b6 7.O-O Bb7 8.a3 Bxc3 9.bxc3 Be4 10.Ng5 Bxd3 
11.Qxd3 d5 12.cxd5 exd5 13.f3 Nc6 14.Nh3 Re8 
15.Bd2 Qe7 16.Rae1 c4 17.Qf5 Qxa3 18.e4 Ne7 19.Qg5 
h6 20.Qg3 Rad8 21.e5 Nd7 {ich depp hatte bei 
meinen analysen den bauern noch auf e3 gehabt von 
dir.}  22.f4 f5 23.exf6 Nxf6 24.f5 Qd6 25.Bf4 Nxf5 
26.Bxd6 Nxg3 27.Bxg3 Rxe1 28.Rxe1 Ne4 29.Rc1 Nxg3 
30.hxg3 g5 31.Nf2 Kg7 32.Ng4 a5 33.Rb1 Rd6 
34.Kf2 1-0

[Event "ACL-A125"]
[Site "www.playchess.de"]
[Date "2001.03.29"]
[Round "27"]
[White "ulibear"]
[Black "Lycanth"]
[WhiteElo "1301"]
[BlackElo "1500"]
[PlyCount "98"]
[Result "0-1"]

1.g3 d5 2.Bg2 e5 3.c4 d4 4.d3 Nf6 5.Nf3 Nc6 6.a3 
a5 7.O-O Bc5 8.Nfd2 {marul}  Qd6 9.Nb3 Bb6 {what 
?}  10.a4 {sorry, no meaningful term I did not 
want to post}  Ne7 11.Na3 Nf5 12.Nb5 {sorry, was 
just nonsense}  Qe7 13.Bg5 c6 {oki np}  14.Na3 {a 
retreat does no harm}  Be6 {hehehe :)}  15.Rc1 
{nice place for my rook}  h6 {i dont like ur 
bishop here :)}  16.Bd2 {I fully understand this 
...}  O-O 17.f4 {a great pawn leap}  Ng4 {a great 
knight leap :)}  18.Nc2 {calling my knight on the 
rim back for help}  exf4 19.Rxf4 Qg5 20.Re4 Qh5 
21.Rxg4 {dangerous}  Qxg4 22.Bf3 Qg6 23.Be4 {a 
razor-sharp game so far}  Qf6 24.Qf1 Rfe8 25.Qf3 
{this dreadful pawn d4 !?}  Rad8 26.g4 {risky and 
forceful as well}  Nd6 27.Qxf6 {nearly forced on 
me}  gxf6 28.Bf3 Nxc4 29.Bxh6 Nxb2 30.Nd2 Nxa4 {i 
m near the victory  :)}  31.Ne4 {you may be, but I 
rely on my defence}  Kh7 32.Bf4 {really?? :))}  
Kg7 33.Kf2 Nc3 34.g5 fxg5 35.Bxg5 Nxe4+ 36.Bxe4 f6 
37.Bf4 f5 38.Bf3 Rd7 39.Rg1+ Kf6 40.Bg5+ Ke5 
41.Na3 Bc5 42.Nc2 Rg8 43.h4 a4 44.Ra1 {some steps 
only from victoire ??}  Bb3 45.Na3 Rh7 46.Nc4+ {I 
smell defeat ;--))}  Bxc4 {hehe}  47.dxc4 {forced 
...}  a3 {pushing and protecting my nice advanced 
pawn}  48.Ra2 {simple & strong way towards 
victory}  b5 49.cxb5 {uff...}  cxb5 {mate in 24 
:o)}  0-1

[Event "ACL-A125"]
[Site "www.playchess.de"]
[Date "2001.03.29"]
[Round "36"]
[White "ulibear"]
[Black "richard"]
[WhiteElo "1301"]
[BlackElo "1500"]
[PlyCount "50"]
[Result "0-1"]

1.d4 Nf6 2.c4 g6 3.Nc3 Bg7 4.e4 d6 5.Nf3 {all 
classic moves so far}  O-O 6.Rb1 c5 {so far}  7.d5 
e6 8.Bd3 exd5 9.cxd5 Re8 10.O-O a6 11.a4 Nbd7 
12.Bg5 b6 13.Qc2 Bb7 14.b4 {I'll risk an attack 
...}  Qc7 15.Rfc1 c4 {I'll risk an attack too}  
16.Bf1 Rac8 17.b5 Nc5 18.bxa6 Bxa6 19.Nb5 {logical 
replies so far ...}  Bxb5 {very complicated}  
20.Rxb5 {perhaps some more chances for Black}  
Nfxe4 {perhaps}  21.Be3 Nc3 22.Nd4 Bxd4 23.Bxd4 
Nxb5 24.axb5 {this I missed really}  Nb3 {20axb 
was better}  25.Bf6 {I feel sinking like an old 
battleship}  Qd7 {you still have one last salvo to 
block}  0-1

[Event "HCL-B234"]
[Site "www.playchess.de"]
[Date "2001.03.29"]
[Round "1"]
[White "mladsir"]
[Black "Nulnulnix"]
[WhiteElo "1048"]
[BlackElo "1061"]
[PlyCount "73"]
[Result "1-0"]

1.e4 {Hello,from Umag, Croatia!}  e5 {Hello from 
Frankfurt in Germany}  2.Nf3 Nc6 3.Bc4 Nf6 4.Ng5 
d5 {Good idea .. ;o)}  5.exd5 Nxd5 6.Nxf7 {Bad 
move.. ;o)}  Kxf7 {This will depend on you..}  
7.Qf3+ Ke8 8.Bxd5 Qd7 9.Bxc6 bxc6 10.Qh5+ Kd8 
11.O-O Bd6 12.Nc3 g6 13.Qe2 Re8 14.Ne4 Qf5 15.d3 
Bb7 16.d4 exd4 17.Bg5+ Be7 18.Bxe7+ Rxe7 19.f3 c5 
20.Qc4 Bxe4 21.fxe4 Qe5 22.Rf8+ Re8 23.Rxe8+ Qxe8 
24.Qd5+ Ke7 25.Qxc5+ Kf7 {Looks like it's time to 
resign..}  26.Qxc7+ Kg8 27.Qc4+ Kg7 28.Qxd4+ Kg8 
29.Qd5+ Kg7 30.Rf1 Kh6 31.c4 Rd8 32.Qb7 Rd7 33.Qc6 
Qe7 34.a3 Rc7 35.Qd5 Rc5 36.Qf7 Qxe4 
37.Qf8+ 1-0

[Event "ACL-A129"]
[Site "www.playchess.de"]
[Date "2001.03.29"]
[Round "3"]
[White "pirco"]
[Black "Stephen21"]
[WhiteElo "1500"]
[BlackElo "1355"]
[PlyCount "71"]
[Result "1-0"]

1.d4 {Salut la hollande !}  d5 2.c4 c6 3.Nf3 Bg4 
4.Ne5 Qc8 5.cxd5 cxd5 6.Nc3 Nf6 7.Qa4+ Nbd7 8.Nxd5 
Nxd5 9.Nxg4 e6 10.Bd2 N5b6 11.Qb5 Qc2 12.e3 a6 
13.Qb3 Qc7 14.Rc1 Qd6 15.Ne5 Be7 16.Nxd7 Nxd7 
17.Qxb7 O-O 18.Qc6 Qxc6 19.Rxc6 a5 20.Rc7 Rfd8 
21.Bb5 Bb4 22.Bxd7 g6 23.Bxb4 axb4 24.a3 bxa3 
25.bxa3 Rxa3 26.O-O h5 27.Rc8 Rxc8 28.Bxc8 Rc3 
29.Bb7 Kg7 30.d5 exd5 31.Bxd5 f5 32.g3 Kf6 33.Rb1 
Kg5 34.Rb6 Kg4 35.Rxg6+ Kh3 {you win!}  
36.Bg2+ 1-0

[Event "HCL-B234"]
[Site "www.playchess.de"]
[Date "2001.03.29"]
[Round "2"]
[White "guanzi"]
[Black "mladsir"]
[WhiteElo "1200"]
[BlackElo "1048"]
[PlyCount "102"]
[Result "0-1"]

1.e4 c5 2.Nf3 Nc6 3.d4 {good morning mladsir!}  
cxd4 4.Nxd4 Nf6 5.Nxc6 bxc6 6.Nc3 d6 7.h3 {good 
morning, again}  e6 {good morning!}  8.Be2 {Do you 
live in Zagreb? How are things in Kroatia?}  d5 {I 
live in Umag, northern adriatic sea coast. Things 
are ok here. You?}  9.Bf3 {I live in Stockholm. 
Originally from Argentina.}  Ba6 {So you're from 
Najdorf's homeland!}  10.exd5 {Yes, Argentina have 
had some quite deasent chess-players.}  cxd5 
{Najdorf and Gligoric were great friends! I read 
it in Gligoric's book!}  11.a3 {I didn't know 
that. Have you been playing chess for a long 
time?}  Qb6 {yes quite long, but for fun. As an 
active club player , i play for about six months!} 
 12.b4 Bd6 13.Be3 Qc7 14.Ne2 Rc8 15.Rc1 O-O 16.c3 
e5 17.Bxd5 Nxd5 18.Qxd5 Bb7 19.Qd2 {good 
combination, i didn't see that one coming.}  Bxg2 
20.Rh2 Bf3 21.h4 Rfd8 22.Rh3 e4 23.Bf4 Qd7 24.Rg3 
Bxf4 25.Qxf4 Qd3 26.Qe3 Qxe3 27.fxe3 Rd3 28.Kf2 
Bxe2 29.Kxe2 Rcxc3 30.Rxc3 Rxc3 31.Rg5 Rxa3 {This 
will be very strong battle!}  32.Re5 {It sure 
will, but you have a stronger position.}  f6 
33.Rxe4 Kf7 34.Rf4 Ra4 35.Kd3 h6 36.h5 g5 37.hxg6+ 
Kxg6 38.Rg4+ Kh5 39.Rf4 Kg5 40.Kc4 a5 41.Rf1 Rxb4+ 
42.Kd5 a4 43.Kc5 Re4 44.Ra1 h5 45.Kd5 f5 46.Rg1+ 
Kh4 47.Ra1 Kg3 48.Rf1 Rxe3 49.Rxf5 h4 50.Rf1 a3 
51.Kd4 Rf3 0-1

[Event "HCL-C238"]
[Site "www.playchess.de"]
[Date "2001.03.29"]
[Round "9"]
[White "Tic"]
[Black "guerino"]
[WhiteElo "1000"]
[BlackElo "1134"]
[PlyCount "35"]
[Result "1-0"]

1.e4 c5 2.Bc4 Nc6 3.c3 Nf6 4.d3 g6 5.Na3 a6 6.Nf3 
Bg7 7.Ng5 Ne5 8.Bf4 Nxc4 9.Nxc4 O-O 10.Qb3 b5 
11.Ne5 d6 12.Nexf7 Qc7 13.Qd5 Bb7 14.Qe6 Bc8 
15.Nh6+ Kh8 16.Qg8+ Nxg8 17.Nhf7+ Rxf7 
18.Nxf7+ 1-0

[Event "HCL-C228"]
[Site "www.playchess.de"]
[Date "2001.03.29"]
[Round "36"]
[White "guerino"]
[Black "Yurispb"]
[WhiteElo "1134"]
[BlackElo "1000"]
[PlyCount "40"]
[Result "0-1"]

1.e4 c5 2.Nf3 d6 3.d4 cxd4 4.Nxd4 Nf6 5.Nc3 a6 
6.Bg5 e6 7.f4 Be7 8.Qf3 Qc7 9.O-O-O Nbd7 10.g4 b5 
11.a3 Rb8 12.h4 b4 13.axb4 Rxb4 14.Bxf6 Bxf6 
15.Qe3 Qb6 16.b3 Bxd4 17.Qd3 Nc5 18.Qd2 Be3 
19.Qxe3 Nxb3+ 20.cxb3 Qxe3+ 0-1

[Event "HCL-C234"]
[Site "www.playchess.de"]
[Date "2001.03.29"]
[Round "11"]
[White "yaroslav"]
[Black "ionutz"]
[WhiteElo "1005"]
[BlackElo "1330"]
[PlyCount "38"]
[Result "0-1"]

1.e4 c5 {hello! privet! hallo! Bonjour! Salut!}  
2.c4 Nc6 3.f4 e5 4.d3 g6 5.Nf3 Bg7 6.Nc3 Nge7 
7.fxe5 Nxe5 8.Qa4 N7c6 9.Nxe5 Bxe5 10.Nd5 Qh4+ 
11.Kd1 O-O 12.g3 Bxg3 13.Nb6 axb6 14.Qxa8 d6 
15.Bd2 Bg4+ 16.Be2 Rxa8 17.Be1 Bxe2+ 18.Kxe2 Nd4+ 
19.Ke3 Qf4+ 0-1

[Event "HCL-C234"]
[Site "www.playchess.de"]
[Date "2001.03.29"]
[Round "16"]
[White "fossa"]
[Black "yaroslav"]
[WhiteElo "836"]
[BlackElo "1005"]
[PlyCount "43"]
[Result "1-0"]

1.e3 e5 2.Nf3 d6 3.c4 f5 4.Nc3 Nf6 5.Be2 e4 6.Nd4 
Ng4 7.h3 Qh4 8.g3 Qh5 9.h4 g5 10.Nd5 Bg7 11.Nxc7+ 
Kd8 12.Nxa8 b6 13.Qa4 Bb7 14.Qxa7 Kc8 15.Nxb6+ Kc7 
16.Nd5+ Kc8 17.Ne7+ Kc7 18.Ne6+ Kd7 19.Nxg7 Qf7 
20.Qxb7+ Kd8 21.Ngxf5 Nd7 22.Qc8+ 1-0

[Event "HCL-B240"]
[Site "www.playchess.de"]
[Date "2001.03.29"]
[Round "11"]
[White "Translightor"]
[Black "rafita"]
[WhiteElo "1486"]
[BlackElo "1418"]
[PlyCount "101"]
[Result "1/2-1/2"]

1.e4 {Hola! Encantado de jugar contigo.}  c5 
{gracias, igualmente...}  2.Nf3 {Es la primera vez 
que juega con un hispanohablante en este server.}  
d6 {i guess you mean "es la primera vez que 
juego...". anyway your spanish is very good}  3.d4 
{Hostia, sí! Que tonto!}  cxd4 {hmm, are you using 
a translator?}  4.Nxd4 {No, I am one. Tell nobody 
about "juega", please!}  Nf6 {sure, it was that 
"Hostia!" is an expression i've never heard, maybe 
from Spain}  5.Nc3 {It's a colloquial expression 
indicating surprise, used quite a lot in Spain.}  
g6 {yes, that's what I thought}  6.Be3 Bg7 7.f3 
O-O 8.Qd2 Nc6 9.O-O-O d5 10.Nxc6 bxc6 11.exd5 {You 
play so quickly. Being a Mexican, you should call 
yourself "Speedy Gonzalez".}  cxd5 12.Nxd5 Nxd5 
13.Qxd5 Qc7 14.Qc5 Qb7 15.Bd4 Bf5 16.Bd3 Rfc8 
17.Qa3 Bxd4 18.Bxf5 Bxb2+ 19.Qxb2 Qxb2+ 20.Kxb2 
gxf5 21.Rd7 {Okay, the tactical intermezzo is 
over. Now let's see who has the worse pawn 
formation.}  Kf8 {ok, we will see...}  22.Rhd1 Ke8 
23.c3 Rcd8 24.R7xd8+ Rxd8 25.Rxd8+ Kxd8 26.c4 e5 
27.Kc3 h5 28.g3 Kd7 29.c5 e4 30.Kd4 exf3 31.Ke3 f2 
32.Kxf2 Kc6 33.Kf3 Kxc5 34.Kf4 Kb4 35.Kg5 Ka3 
36.Kxh5 Kxa2 37.h4 a5 38.Kg5 f6+ 39.Kxf5 a4 40.h5 
a3 41.h6 Kb3 42.h7 a2 43.h8Q {%}  a1Q {%}  44.Qb8+ 
Kc2 45.Qc7+ Kd3 46.Qd6+ Ke3 47.Qf4+ Ke2 {%%}  
48.Qe4+ Kf2 {%}  49.g4 Qc3 50.Qf4+ Qf3 
51.g5 1/2-1/2

[Event "HCL-B242"]
[Site "www.playchess.de"]
[Date "2001.03.29"]
[Round "8"]
[White "Worf"]
[Black "player27"]
[WhiteElo "1689"]
[BlackElo "1454"]
[PlyCount "49"]
[Result "1-0"]

1.d4 Nf6 {nice game- good luck}  2.Nf3 {viel spass 
bei der partie}  e6 {ups, brauche ja keinen 
Dolmetscher ; ) der Partiestress lässt grüssen! 
Viel Spass -andy}  3.Bf4 {bei dem turnier wird 
wohl deutsch gesprochen, gruss frank}  d5 {mein 
Englisch ist ein Armutszeugnis!}  4.e3 {meines 
auch, es langt gerade so für den urlaub}  c5 { )}  
5.c3 Nc6 6.Bd3 Qb6 7.b3 Be7 8.O-O O-O 9.Nbd2 Nh5 
10.Bg5 Nf6 11.Rc1 h6 12.Bh4 Bd7 13.Ne5 Rfd8 14.f4 
Qc7 {die Stellung gefällt mir nicht. andy}  
15.Ndf3 {mein name ist frank!}  Rac8 {Guten Abend 
Frank}  16.g4 {du hattest geschrieben andy.}  Ne4 
{genau. mein Name.CU}  17.Nxc6 Bxc6 {erzwungen. 
Gruss andy}  18.Qe1 f6 19.Rc2 Bd6 {.}  20.g5 Rdf8 
21.Rg2 hxg5 22.fxg5 {Tg2 war zu schnell 
gespielt,ich habe zu viele Partien laufen}  fxg5 
{geht mir nicht anders, in der Partie ist 
allerdings noch alles mögl.}  23.Nxg5 {stimmt ist 
noch alles möglich,lass uns dabei Spass haben}  
Nxg5 {sehe ich auch so, dennoch muss ich mich auf 
Angriff einrichten! Gute Nacht}  24.Rxf8+ {spiele 
schach und gucke nebenbei fussball,ob das gut 
geht?}  Kxf8 {tue ich ja auch, bin aber mehr an 
den Brettern-Txf8 ist keinesfalls erzwungen,könnte 
evtl.flüchten}  25.Bxg5 1-0

[Event "ACL-A127"]
[Site "www.playchess.de"]
[Date "2001.03.29"]
[Round "15"]
[White "Westqualmer"]
[Black "MP"]
[WhiteElo "1923"]
[BlackElo "943"]
[PlyCount "43"]
[Result "1-0"]

1.b4 d5 2.Bb2 Nf6 3.e3 e5 4.Bxe5 Bxb4 5.Nf3 Nc6 
6.Bb2 O-O 7.Be2 Bg4 8.O-O Re8 9.h3 Bh5 10.a3 Ba5 
11.d3 Bg6 12.Nbd2 Ne5 13.Nxe5 Rxe5 14.Bxe5 c5 
15.Rb1 Bb6 16.c4 dxc4 17.Nxc4 Bc7 18.Rxb7 Bxe5 
19.Nxe5 Nd5 20.Rd7 Qa5 21.Rxd5 Qxa3 
22.Qa1 1-0

[Event "ACL-A135"]
[Site "www.playchess.de"]
[Date "2001.03.29"]
[Round "6"]
[White "liero2"]
[Black "lebesgue"]
[WhiteElo "1500"]
[BlackElo "1500"]
[PlyCount "34"]
[Result "0-1"]

1.e4 g6 2.d3 Bg7 3.Nf3 d6 4.g3 c5 5.Bg2 Nc6 6.O-O 
Bg4 7.Nc3 Nf6 8.a3 O-O 9.Qe1 Bxf3 10.Bxf3 Nd4 
11.Bd1 Nd7 12.Be3 Qb6 13.b3 e6 14.Qd2 Qa5 15.Nb1 
Qxd2 16.Bxd2 Nxb3 17.cxb3 Bxa1 0-1

[Event "HCL-C254"]
[Site "www.playchess.de"]
[Date "2001.03.29"]
[Round "3"]
[White "citywolf"]
[Black "Natacuin"]
[WhiteElo "1000"]
[BlackElo "1000"]
[PlyCount "40"]
[Result "0-1"]

1.e4 {hy! same as me -> new here?}  e5 {yes!!}  
2.Nf3 {doesnt mean that u r as weak as me ;o)}  
Nf6 {This are my firts plays here, sorry  my 
english is not good.}  3.Nc3 {don't worry bout the 
english, on the other hand i dont understand even 
one word of your homepage ;o)}  Nc6 4.Bb5 Bc5 
5.Nd5 O-O 6.c3 Nxe4 7.d4 exd4 8.cxd4 Bd6 9.O-O Nb4 
10.Re1 Re8 11.Ng5 Nxg5 12.Bxg5 Rxe1+ 13.Qxe1 Qxg5 
14.Nxc7 g6 15.Nxa8 {why do u offer a draw? isnt it 
much too early?}  Nc2 {El juego está muy parejo.}  
16.Qe8+ {that's right, and in usual im a friendly 
person. but i won't let u win the tournament THAT 
easy ;o)}  Kg7 17.h4 Qxh4 18.Rc1 {how did the pawn 
taste? ;o)}  Qh2+ 19.Kf1 Nxd4 {I have analyzed 
many this position and finally this is the best, I 
wait for me it serve:)}  20.Bd3 {in a way this 
game is kind of crazy. im curious bout how it will 
result :o)}  Qh1+ 0-1